| 000 | 00532nam a2200193Ia 4500 | ||
|---|---|---|---|
| 005 | 20250326144134.0 | ||
| 008 | 250326s9999 xx 000 0 und d | ||
| 037 | _aTextbook | ||
| 040 |
_aFMSL _beng _cFMSL |
||
| 041 |
_aeng _2eng |
||
| 084 |
_aZ18(X:8).1 M4 _qFMSL |
||
| 100 |
_aBennett A L _9744917 |
||
| 245 | 0 |
_aInternational organizations _cBennett A L |
|
| 250 | _a3 | ||
| 260 |
_aNew Jersey _bNew Jersey, Prentice-Hall _c1984 |
||
| 300 | _a498p | ||
| 942 |
_cTB _hZ18(X:8).1 M4 |
||
| 999 |
_c1302517 _d1302517 |
||